000 00715am a2200277a 44500
003 AR-BaBNM
005 20251128211143.0
008 063020s1986 #AR|||||||||||000 | esp||
020 _a950-07-03726-6
040 _cAR-BaBNM
100 1 _aPuiggrós, Rodolfo
245 1 0 _aDe la colonia a la revolución
260 _aBuenos Aires
_bSudamericana
_c1986
300 _a269 p.
650 4 _aHISTORIA ARGENTINA
650 4 _aHISTORIA LATINOAMERICANA
650 4 _aPERIODO HISPANICO
650 4 _aHISTORIA POLITICA
650 4 _aHISTORIA DE LAS IDEAS
650 4 _aREVOLUCION DE MAYO
650 4 _aABORIGENES
650 4 _aMISIONES JESUITICAS
653 _aGAUCHOS
942 _cBK
998 _cmariana
999 _c18474
_d18474